World Capitals by Capital City directly North in 90 seconds: with a map - Statistics

General Stats
  • This quiz has been taken 639 times
  • The average score is 178 of 196
Answers on the Map
Answers color-coded by a green-red scale on the quiz's map according to % correct below.
 
Answer Stats
Capital % Correct
Abuja
100%
Antananarivo
100%
Bangui
100%
Brazzaville
100%
Bujumbura
100%
Dodoma
100%
Gaborone
100%
Harare
100%
Juba
100%
Kampala
100%
Kigali
100%
Kinshasa
100%
Libreville
100%
Lilongwe
100%
Luanda
100%
Lusaka
100%
Malabo
100%
Maputo
100%
Maseru
100%
Mbabane
100%
Moroni
100%
Nairobi
100%
N'Djamena
100%
Porto-Novo
100%
Pretoria
100%
Sao Tome
100%
Windhoek
100%
Yaounde
100%
Abu Dhabi
99%
Accra
99%
Addis Ababa
99%
Amman
99%
Ankara
99%
Asmara
99%
Athens
99%
Bamako
99%
Banjul
99%
Beirut
99%
Bissau
99%
Buenos Aires
99%
Cairo
99%
Conakry
99%
Dakar
99%
Damascus
99%
Djibouti
99%
Doha
99%
Freetown
99%
Jerusalem
99%
Khartoum
99%
Lome
99%
Male
99%
Manama
99%
Mogadishu
99%
Monrovia
99%
Montevideo
99%
Muscat
99%
Niamey
99%
Nicosia
99%
Nouakchott
99%
Ouagadougou
99%
Port Louis
99%
Rabat
99%
Riyadh
99%
Rome
99%
Sana'a
99%
Tripoli
99%
Tunis
99%
Valletta
99%
Victoria
99%
Yamoussoukro
99%
Algiers
98%
Asuncion
98%
Baghdad
98%
Baku
98%
Brasilia
98%
Kuwait City
98%
Lima
98%
Madrid
98%
Moscow
98%
Santiago
98%
Sucre
98%
Tbilisi
98%
Tehran
98%
Yerevan
98%
Andorra la Vella
97%
Bogota
97%
Bratislava
97%
Canberra
97%
Podgorica
97%
Pristina
97%
Quito
97%
Sarajevo
97%
Skopje
97%
Tirana
97%
Vatican City
97%
Zagreb
97%
Bandar Seri Begawan
96%
Belgrade
96%
Berlin
96%
Caracas
96%
Castries
96%
Colombo
96%
Dili
96%
Georgetown
96%
Havana
96%
Jakarta
96%
Kingston
96%
Kingstown
96%
Kuala Lumpur
96%
Ljubljana
96%
Managua
96%
Melekeok
96%
Monaco
96%
Nassau
96%
Panama City
96%
Paris
96%
Port-of-Spain
96%
Prague
96%
Praia
96%
Saint George's
96%
San Jose
96%
San Marino
96%
Santo Domingo
96%
Singapore
96%
Sofia
96%
Tegucigalpa
96%
Vaduz
96%
Vienna
96%
Bangkok
95%
Belmopan
95%
Budapest
95%
Guatemala City
95%
Hanoi
95%
Manila
95%
Phnom Penh
95%
Port-au-Prince
95%
San Salvador
95%
Taipei
95%
Washington
95%
Beijing
94%
Bucharest
94%
New Delhi
94%
Vientiane
94%
Bern
93%
Lisbon
93%
Chisinau
92%
Warsaw
92%
Copenhagen
91%
Mexico City
91%
Wellington
91%
Amsterdam
90%
Brussels
90%
London
90%
Luxembourg
90%
Paramaribo
90%
Bridgetown
89%
Kiev
89%
Oslo
89%
Roseau
89%
Basseterre
87%
Ottawa
87%
Port Moresby
87%
Saint John's
87%
Minsk
86%
Riga
85%
Vilnius
85%
Port-Vila
84%
Tallinn
84%
Honiara
83%
Kabul
83%
Stockholm
83%
Tokyo
83%
Helsinki
82%
Islamabad
80%
Dhaka
79%
Dublin
77%
Kathmandu
76%
Dushanbe
73%
Bishkek
72%
Tashkent
72%
Reykjavik
70%
Astana
67%
Seoul
67%
Naypyidaw
62%
Pyongyang
61%
Ulaanbaatar
58%
Ashgabat
42%
Suva
41%
Nuku'alofa
38%
Thimphu
34%
Tarawa
25%
Apia
24%
Funafuti
23%
Palikir
18%
Yaren
16%
Majuro
14%
No matching quizzes found
Score Distribution
Percent of People with Each Score
Percentile by Number Answered
Your Score History
You have not taken this quiz